Tư tưởng Hồ Chí Minh về tín ngưỡng tôn giáo và công tác vận động đồng bào tôn giáo ở khu vực biên giới hiện nay /

Сохранить в:
Библиографические подробности
Главный автор: Nguyễn Xuân Bách, ThS.
Формат: Статья
Язык:Vietnamese
Предметы:
Метки: Добавить метку
Нет меток, Требуется 1-ая метка записи!
Thư viện lưu trữ: Thư viện Trường Đại học Đà Lạt
LEADER 00863nam a2200265 4500
001 DLU140164751
005 ##20141016
040 # # |a DLU  |b vie 
041 # # |a vie 
044 # # |a vn 
100 # # |a Nguyễn Xuân Bách,   |c ThS. 
245 # # |a Tư tưởng Hồ Chí Minh về tín ngưỡng tôn giáo và công tác vận động đồng bào tôn giáo ở khu vực biên giới hiện nay /  |c Nguyễn Xuân Bách. 
653 # # |a Tín ngưỡng 
653 # # |a Tôn giáo 
653 # # |a Tư tưởng Hồ Chí Minh 
773 # # |t Nghiên cứu Tôn giáo  |g Số 7(121), 2013, tr. 7-12 
920 # # |a Phòng Tạp chí -- Trung tâm Thông tin - Thư viện Trường Đại học Đà Lạt 
994 # # |a DLU 
900 # # |a True 
911 # # |a Hoàng Thị Huyền 
925 # # |a G 
926 # # |a A 
927 # # |a BB 
980 # # |a Thư viện Trường Đại học Đà Lạt